000 00885nam a2200229 i 4500
001 110830
003 ES-MaACL
005 20260127062537.0
007 t|
008 070131s1921 sp ||||1| spa d
080 _a821.131.1
100 1 _aBonilla y San Martín, Adolfo,
_d1875-1926
_930193
245 1 0 _aDante y su tratado "De Monarchia" /
_cdiscurso leído por Adolfo Bonilla y San Martín.
260 _aMadrid :
_bReus,
_c1921.
300 _a43 p. ;
_c18 cm.
490 1 _aPublicaciones de la Real Academia de Jurisprudencia y Legislación ;
_v50
600 0 4 _aDante Alighieri,
_d1265-1321-
_xCrítica e interpretación
_942658
700 _aReal Academia de Jurisprudencia y Legislación de España
_9217612
830 0 _aPublicaciones de la Real Academia de Jurisprudencia y Legislación ;
_v50
_9180630
852 _aES-MaACL
_jL-5216
999 _c110830
_d110830